| 000 | 00351nam a2200133Ia 4500 | ||
|---|---|---|---|
| 005 | 20260328101450.0 | ||
| 008 | 260328s9999||||xx |||||||||||||| ||und|| | ||
| 100 | _aGutiérrez, Ramón | ||
| 245 | 0 |
_aHaciendas y estancias en América Latina / _cRamón Gutiérrez |
|
| 260 | _bCEDODAL | ||
| 300 | _a72 p. | ||
| 650 | _aARQUITECTURA COLONIAL | ||
| 942 | _cBK | ||
| 999 |
_c8610 _d8610 |
||